top 50 jeux playstation 5 - Statistiques

Statistiques générales
  • Ce quiz a été pris 138 fois
  • Le résultat moyen est 2 sur 50
Statistiques - réponses
Hint Réponse % Correct
1 god of war: ragnarok
59%
10 elden ring
32%
3 horizon: forbidden west
22%
22 the last of us part I
11%
9 grand theft auto V
10%
6 resident evil 4
9%
36 cyberpunk 2077
8%
7 nba 2k23
7%
40 nba 2k22
6%
15 ratchet & clank : rift apart
6%
35 gran turismo 7
5%
17 it takes two
4%
18 assasin's creed valhalla
3%
43 genshin impact
3%
46 hitman 3
2%
26 dead space
1%
4 death stranding director's cut
1%
45 doom eternal
1%
41 ghost of tsushima director's cut
1%
5 hogwarts legacy: l'héritage de poudlard
1%
2 the witcher 3 : wild hunt
1%
23 call of duty : warzone 2.0
0%
42 chicory : a colorful tale
0%
27 crisis core : final fantasy VII reunion
0%
48 crusader king III
0%
32 cult of the lamb
0%
49 dead island 2
0%
19 demon's souls remake
0%
20 devil may cry : special edition
0%
38 diablo II : resurected
0%
12 disco elysium: the final cut
0%
37 dying light 2 : stay human
0%
16 final fantasy VII remake intergrade
0%
11 final fantasy XIV: endwalker
0%
14 hades
0%
50 horizon forbidden west : burning shores
0%
44 judgement
0%
13 kena : bridge of spirits
0%
28 marvel's midnight suns
0%
25 octopath traveler 2
0%
47 puyo puyo tetris 2
0%
30 season : a letter to the future
0%
21 star wars jedi : survivor
0%
39 tales of arise
0%
33 the quarry
0%
34 this war of mine : final cut
0%
31 tinykin
0%
29 tunic
0%
8 two point campus
0%
24 wo long : fallen dynasty
0%
Aucun quiz correspondant
Distribution des résultats
% des personnes avec chaque résultat
Percentile par nombre de réponses
Votre historique - résultats
Vous n’avez pas pris ce quiz